[Event "ch-USA w 2015"]
[Site "Saint Louis USA"]
[Date "2015.04.12"]
[Round "11.2"]
[White "Paikidze, Nazi"]
[Black "Foisor, Sabina-Francesca"]
[Result "1/2-1/2"]
[WhiteTitle "IM"]
[BlackTitle "WGM"]
[WhiteElo "2333"]
[BlackElo "2276"]
[WhiteFideId "13603620"]
[BlackFideId "1212915"]
[EventDate "2015.04.01"]

1. d4 d5 2. c4 c6 3. cxd5 cxd5 4. Nc3 Nf6 5. Bf4 Nc6 6. e3 Bf5 7. Nf3 e6 8. Qb3
Bb4 9. Bb5 O-O 10. Bxc6 Bxc3+ 11. Qxc3 Rc8 12. Ne5 Ng4 13. Nxg4 Bxg4 14. Qb4
Rxc6 15. Qxb7 Qc8 16. Qxc8 Rfxc8 17. O-O a5 18. f3 Bf5 19. g4 Bd3 20. Rf2 Rc2
21. Rd1 Rxf2 22. Kxf2 Rc2+ 23. Kg3 Bg6 24. a3 a4 25. Bd6 f6 26. Bb4 Rxb2 27. Rc1
Rc2 28. Rxc2 Bxc2 29. Bd6 Kf7 30. Kf2 Bb3 1/2-1/2

[Event "ch-USA w 2015"]
[Site "Saint Louis USA"]
[Date "2015.04.12"]
[Round "11.3"]
[White "Ni, Viktorija"]
[Black "Virkud, Apurva"]
[Result "1-0"]
[WhiteTitle "WIM"]
[BlackTitle "WCM"]
[WhiteElo "2188"]
[BlackElo "2132"]
[WhiteFideId "11602252"]
[BlackFideId "2050820"]
[EventDate "2015.04.01"]

1. Nf3 d5 2. c4 e6 3. b3 Nf6 4. g3 Be7 5. Bg2 O-O 6. O-O c5 7. Bb2 Nc6 8. e3 b6
9. Qe2 Bb7 10. Rd1 dxc4 11. bxc4 Qc8 12. d3 Rd8 13. Nbd2 Qc7 14. e4 e5 15. Nf1
Nd4 16. Nxd4 cxd4 17. Bc1 Nd7 18. f4 Bd6 19. f5 f6 20. g4 Nc5 21. Ng3 Be7 22. h4
Bc6 23. g5 Be8 24. Nh5 Bxh5 25. Qxh5 Bf8 26. Bf1 Kh8 27. Rd2 Rd7 28. Rg2 Qd8 29.
Bd2 Qe8 30. Qg4 Qd8 31. Be2 Rb8 32. Kh2 Rbb7 33. Rag1 Qe7 34. Qg3 Rdc7 35. Bh5
Qd6 36. Qf3 Kg8 37. Be8 Rc8 38. Bh5 Rcc7 39. Rg3 Qc6 40. Bg6 hxg6 41. fxg6 Nxe4
42. Qh5 Bd6 43. dxe4 Qxc4 44. Qh7+ Kf8 45. gxf6 Qxa2 46. R1g2 Qg8 47. f7 1-0

[Event "ch-USA w 2015"]
[Site "Saint Louis USA"]
[Date "2015.04.12"]
[Round "11.4"]
[White "Sharevich, Anna"]
[Black "Abrahamyan, Tatev"]
[Result "1-0"]
[WhiteTitle "WGM"]
[BlackTitle "WGM"]
[WhiteElo "2267"]
[BlackElo "2322"]
[WhiteFideId "13503189"]
[BlackFideId "13301918"]
[EventDate "2015.04.01"]

1. d4 Nf6 2. c4 e6 3. g3 c5 4. d5 exd5 5. cxd5 d6 6. Nc3 g6 7. Nf3 Bg7 8. Bg2
O-O 9. O-O a6 10. a4 Re8 11. Nd2 Nbd7 12. h3 Nh5 13. Nc4 Ne5 14. Na3 Bd7 15. Bd2
b5 16. axb5 axb5 17. Ncxb5 Bxb5 18. Nxb5 Qb6 19. Nc3 Nc4 20. Rb1 Rab8 21. g4
Nxd2 22. Qxd2 Nf6 23. b3 Qb4 24. Qc2 Rb6 25. Rfc1 Reb8 26. e3 Qa3 27. Bf1 Rxb3
28. Nb5 R3xb5 29. Rxb5 Rxb5 30. Bxb5 Nxd5 31. Rb1 Nc3 32. Rb3 Qa1+ 33. Bf1 d5
34. Rb8+ Bf8 35. Kg2 Qe1 36. Rd8 Kg7 37. Rd7 c4 38. Qb2 Kg8 39. Qb8 Ne4 40. Qf4
Nd6 41. Rxd6 Bxd6 42. Qxd6 c3 43. Qxd5 c2 44. Bc4 1-0

[Event "ch-USA w 2015"]
[Site "Saint Louis USA"]
[Date "2015.04.12"]
[Round "11.5"]
[White "Goletiani, Rusudan"]
[Black "Yu, Jennifer R"]
[Result "1/2-1/2"]
[WhiteTitle "IM"]
[BlackTitle "WFM"]
[WhiteElo "2311"]
[BlackElo "2180"]
[WhiteFideId "13601105"]
[BlackFideId "2078341"]
[EventDate "2015.04.01"]

1. c4 c6 2. Nf3 d5 3. e3 Nf6 4. b3 Bg4 5. Bb2 Nbd7 6. d4 e6 7. Nbd2 Bd6 8. Bd3
O-O 9. Qc2 Qb8 10. Ng5 h6 11. Nh7 Nxh7 12. Bxh7+ Kh8 13. h3 Bh5 14. g4 f5 15.
Bxf5 exf5 16. gxh5 Qe8 17. O-O-O Qxh5 18. Qd3 Nf6 19. Qf1 a5 20. Qg2 a4 21. Rhg1
Qf7 22. c5 Bc7 23. Nf3 axb3 24. axb3 Rfb8 25. Ne5 Bxe5 26. dxe5 Ne8 27. e6 Qe7
28. Kb1 b6 29. cxb6 Rxb6 30. Rd3 Rab8 31. Qg6 Rxb3 32. Rxb3 Rxb3 33. Kc2 Rb8 34.
Qxf5 Qb4 35. Bc3 Qb3+ 36. Kd2 Qa2+ 37. Qc2 Qxc2+ 38. Kxc2 Rb7 39. f4 Kh7 40. f5
Nd6 41. f6 gxf6 42. Bxf6 Ne4 43. Bh4 Rb8 44. e7 Re8 45. Ra1 Ng5 46. Bxg5 hxg5
47. Ra7 Kg6 48. Rc7 Kf7 49. Kd3 Rxe7 50. Rxc6 Re4 51. Rd6 Rh4 52. Rxd5 Kf6 53.
Rd6+ Ke5 54. Ra6 1/2-1/2

[Event "ch-USA w 2015"]
[Site "Saint Louis USA"]
[Date "2015.04.12"]
[Round "11.6"]
[White "Wang, Annie"]
[Black "Melekhina, Alisa"]
[Result "1-0"]
[WhiteTitle "WIM"]
[BlackTitle "FM"]
[WhiteElo "1901"]
[BlackElo "2235"]
[WhiteFideId "2053900"]
[BlackFideId "2022613"]
[EventDate "2015.04.01"]

1. d4 Nf6 2. c4 c5 3. d5 b5 4. cxb5 a6 5. bxa6 g6 6. Nc3 Bxa6 7. e4 Bxf1 8. Kxf1
d6 9. Nf3 Bg7 10. g3 O-O 11. Kg2 Nbd7 12. Qe2 Qa5 13. Bg5 Rfb8 14. Rhd1 Qb4 15.
Rab1 Kf8 16. e5 dxe5 17. Nxe5 Nxe5 18. Qxe5 h6 19. Bd2 Qb7 20. Kg1 Rd8 21. Be3
Ng4 22. Qe4 Qb4 23. Qf3 Ne5 24. Qe2 Nc4 25. Re1 Nxe3 26. Qxe3 Rd7 27. a3 Qc4 28.
Rbc1 Qd4 29. Qf3 Rb8 30. Rcd1 Qf6 31. Qe3 Rxb2 32. Ne4 Qe5 33. Nxc5 Rc7 34. Qxe5
Bxe5 35. Nd3 Rcc2 36. Rxe5 1-0